20 Unusual Vending Machines Quiz Stats

 Plays Quiz Updated Dec 14, 2015

Challenge
Share
Tweet
Score 0/20 Timer 06:00
0 Plays Today
% Correct
French fries
98%
Unpasteurized milk
98%
Flip-flops
96.5%
Strawberries
95.6%
Books
95.6%
Toilet paper
95.3%
Sports balls
95%
Socks
92.5%
Baguettes
92.4%
Stamped envelopes
90.2%
% Correct
Pokémon
87.5%
Bananas
82.4%
Umbrellas
81.1%
Eggs
77%
Dog wash
71.1%
Rosaries
70%
Whisky and M&Ms
69.9%
Dog/cat food for strays
69.2%
Batteries
58.9%
Ramen
32.9%

You're not logged in!

Compare scores with friends on all Sporcle quizzes.
OR
Log In

You Might Also Like...

Show Comments

Extras

Top Quizzes Today


Score Distribution

Your Account Isn't Verified!

In order to create a playlist on Sporcle, you need to verify the email address you used during registration. Go to your Sporcle Settings to finish the process.

Report this User

Report this user for behavior that violates our Community Guidelines.

Details: